Cutting edge mini - dictionary : Intermediate

Guardat en:
Dades bibliogràfiques
Format: Llibre
Idioma:Undetermined
Publicat: England Peason Education Limited 1998
Matèries:
Etiquetes: Afegir etiqueta
Sense etiquetes, Sigues el primer a etiquetar aquest registre!
Thư viện lưu trữ: Trung tâm Học liệu Trường Đại học Cần Thơ
LEADER 00503nam a2200181Ia 4500
001 CTU_80752
008 210402s9999 xx 000 0 und d
082 |a 428.34 
082 |b C991i 
245 0 |a Cutting edge mini - dictionary : 
245 0 |b Intermediate 
260 |a England 
260 |b Peason Education Limited 
260 |c 1998 
650 |a English language 
650 |x Texbooks for foreign speakers 
904 |i Mai Loan,Hải 
980 |a Trung tâm Học liệu Trường Đại học Cần Thơ